Stadtteile von Essen - Statistiken

Allgemein
  • Dieses Quiz wurde 504 mal gespielt
  • Das Durchschnittsergebnis liegt bei 30 aus 50
Antwortstatistiken
Stadtbezirk Stadtteil % Korrekt
Bezirk V Altenessen Nord
87%
Bezirk V Altenessen Süd
87%
Bezirk VII Steele
84%
Bezirk IV Borbeck-Mitte
81%
Bezirk IX Kettwig
77%
Bezirk VII Kray
77%
Bezirk IX Werden
76%
Bezirk I Stadtkern
75%
Bezirk I Südviertel
75%
Bezirk I Nordviertel
74%
Bezirk II Rüttenscheid
74%
Bezirk I Westviertel
73%
Bezirk IX Bredeney
72%
Bezirk I Ostviertel
72%
Bezirk III Frohnhausen
70%
Bezirk III Altendorf
67%
Bezirk VIII Überruhr-Holthausen
67%
Bezirk VIII Kupferdreh
63%
Bezirk VI Katernberg
62%
Bezirk VIII Überruhr-Hinsel
62%
Bezirk V Karnap
61%
Bezirk III Holsterhausen
60%
Bezirk IV Bergeborbeck
58%
Bezirk IV Dellwig
57%
Bezirk VIII Heisingen
57%
Bezirk IV Frintrop
56%
Bezirk IV Schönebeck
55%
Bezirk I Huttrop
54%
Bezirk II Stadtwald
54%
Bezirk VIII Burgaltendorf
53%
Bezirk III Haarzopf
53%
Bezirk VII Horst
53%
Bezirk VI Schonnebeck
53%
Bezirk VI Stoppenberg
53%
Bezirk V Vogelheim
53%
Bezirk I Frillendorf
51%
Bezirk VII Leithe
49%
Bezirk II Bergerhausen
48%
Bezirk IX Fischlaken
48%
Bezirk III Margarethenhöhe
48%
Bezirk II Rellinghausen
48%
Bezirk VIII Byfang
47%
Bezirk I Südostviertel
46%
Bezirk VII Freisenbruch
44%
Bezirk IV Gerschede
40%
Bezirk IX Schuir
40%
Bezirk IV Bochold
39%
Bezirk IX Heidhausen
38%
Bezirk IV Bedingrade
37%
Bezirk III Fulerum
36%
Keine übereinstimmenden Quizze gefunden
Verteilung der Resultate
Anzahl Personen mit jedem Resultat
Perzentil nach korrekt beantworteten Fragen
Ihre Resultats-Entwicklung
Sie haben dieses Quiz noch nicht gespielt